000 00551cam a2200193ua 4500
001 6761
008 140305n ii |||gr||||Z||||||asm
040 _cMAIN
082 _a519.5
245 _aBanijyik Parisankhyabijnan
_cBy Surendranath ghosh
250 _a4th ed.
260 _aDibrugarh:
_bpathyaputhi prastuti samanay samiti,
_c1989.
300 _ax,642p.
653 _aProbabilities & applied mathematics
653 _aBanijyik Parisankhyabijnan
700 _aGhosh,Surendranath,
_eAuthor.,
700 _aBora,khireswar,
_eAuthor.
942 _cBK
999 _c5909
_d5909